1879 1517 1478 1389 1766 1602 1385 1315 1267 1662 1332 1643 1493 1133 1499 1960 1404 1374 1286 1500 1736 1618 1408 1848 1007 1021 1886 1861 1389 1865 1840 1266 1301 1127 1403 1639 1730 1260 1190 1814 1616 1537 1500 1882 1392 1777 1571 1477 1684 1458 1231 1225 1354 1099 1593 1742 1749 1711 1677 1137 1339 1301 1959 1781 1382 1729 1336 1575 1439 1234 1588 1240 1254 1586 1544 1000 1638 1792 1081 1237 1812 1077 1921 1838 1327 1391 1047 1252 1583 1233 1561 1009 1537 1795 1374 1082 1999 1333 1813 BCNSPRNW ULIB Ver.6.0+V

เปลี่ยนเป็นภาษาไทย

Change to English
 แสดงรายละเอียดบรรณานุกรม
  กลับหน้าหลัก

Brief Record : Get Marc (ISO 2709) : E-mail record : QR code < ปิดหน้าต่าง
LEADER : 00000nam 2200000uu 4500
001    13399111829
003     ULIB
008    110627s2551||||th 000 0 tha d
020    9789740438496
090    นว.^bร144ง 2551
100 0  รพีรำไพ
245 00 เงาพิศวาส/^cรพีรำไพ
250    พิมพ์ครั้งที่ 1
260    กรุงเทพฯ :^bพลอยชมพู,^c2551
300    330 หน้า
945    ^p229^l0^i023597
995    ทศพร
999 ^a ใช้งานได้ทุกระบบ
รายการนี้ยังไม่มีแท็ก
คุณยังไม่ได้ล็อกอิน คุณสามารถมีกิจกรรมร่วมกับเว็บไซต์ได้ แต่ต้องล็อกอินก่อน ::
  ล็อกอิน

รายการสื่อสารสนเทศ

ลำดับที่ ประเภท เลขเรียก/บาร์โค้ด สถานที่ สถานะ
- ไม่พบข้อมูล -

BibComment


ยังไม่เคยถูกคอมเมนท์

คอมเมนท์ทรัพยากรรายการนี้
  คอมเมนท์: เงาพิศวาส รพีรำไพ


 Copyright 2026. Bcnsprnw @Library